Quantum mechanics : symmetries /
Guardado en:
| Autor Principal: | |
|---|---|
| Otros Autores: | |
| Formato: | Libro |
| Idioma: | English German |
| Publicado: |
Berlin :
Springer,
c1994.
|
| Edición: | 2nd rev. ed. |
| Etiquetas: |
Agregar Etiqueta
Sin Etiquetas, Sea el primero en etiquetar este registro!
|
| LEADER | 00808nam a22002415a 4500 | ||
|---|---|---|---|
| 001 | MAT.inmabb003424 | ||
| 008 | 051117s1994####gw#a#####b####001#0#eng#d | ||
| 005 | 20150313173117.0 | ||
| 245 | 1 | 0 | |a Quantum mechanics : |b symmetries / |c Walter Greiner, Berndt Müller ; with a foreword by D. A. Bromley. |
| 250 | |a 2nd rev. ed. | ||
| 260 | |a Berlin : |b Springer, |c c1994. | ||
| 300 | |a xx, 496 p. : |b il. ; |c 25 cm. | ||
| 546 | |a Traducido del alemán. | ||
| 504 | |a Incluye referencias bibliográficas e índice. | ||
| 510 | 4 | |a MR, |c 96i:81001 | |
| 020 | |a 3540580808 (Berlin) | ||
| 020 | |a 0387580808 (New York) | ||
| 100 | 1 | |a Greiner, Walter, |d 1935- | |
| 240 | 1 | 0 | |a Quantenmechanik. |l Inglés |
| 700 | 1 | |a Müller, Berndt, |d 1950- | |
| 084 | |a 81-01 |2 msc2000 | ||
| 041 | 1 | |a eng |h ger | |
| 859 | |h 81 |i G824s |p A-7149 |b BIB. MATEMATICA | ||
